Štubnianské Teplice

Zobrazenie: Pohľad na chodník, lemovaný z oboch strán stromami. V popredí vpravo na chodníku stojí muž vo vojenskej uniforme so šabľou. Za ním stojí muž, pri ktorom stoja dvaja chlapci. Jeden je vpravo a druhý vľavo

Bibliographic Details
Format: Photo
Language:Slovak
Published: Štubnianské Teplice Leop. Tomschoff [1920?]
Subjects:

MARC

LEADER 00000nkm a2200000 a 4500
001 vtls011875000
003 SK-MaSNL
005 20260301102040.0
007 kf ho
008 240703q1920 xo g kuslo
015 |a SNBG1920 
035 |a urn:nbn:sk:snk-km00duvl 
035 |a urn:nbn:sk:snk-km3lt6j 
035 |a B3143B3D-0C13-4CCE-851C-940A5AF9F79E 
040 |a SNK  |b slo  |c SNK  |e AACR2 
041 0 |a slo 
043 |a e-xo--- 
044 |a xo  |c SK 
072 7 |a 908(437)  |x Vlastiveda Česka a Slovenska  |2 konspekt 
080 |a 913(437.6)  |2 2011 
080 |a 711.455:615.838  |2 2011 
080 |a (084.121)  |2 2011 
080 |a 908(437.6)  |2 2011 
080 |a 712.253  |2 2011 
245 0 0 |a Štubnianské Teplice  |h grafika 
246 3 3 |a Štubnianske Teplice 
260 |a Štubnianské Teplice  |b Leop. Tomschoff  |c [1920?]  |e Praha II  |f F. Zuna 
300 |a 1 pohľadnica  |b kolorovaná  |c 14 x 9 cm 
500 |a Názvové údaje prevzaté z obrazovej časti pohľadnice 
500 |a Na adresnej časti uvedené: "1882" 
500 |a Na adresnej časti uvedené: "4005" 
520 8 |a Zobrazenie: Pohľad na chodník, lemovaný z oboch strán stromami. V popredí vpravo na chodníku stojí muž vo vojenskej uniforme so šabľou. Za ním stojí muž, pri ktorom stoja dvaja chlapci. Jeden je vpravo a druhý vľavo 
610 2 7 |a Štubnianske Teplice (Slovensko : kúpele)  |2 SNKKA  |9 294836 
650 0 7 |a kúpele  |2 SNKPH  |9 1139 
650 0 7 |a parky  |2 SNKPH  |9 2942 
651 7 |a Turčianske Teplice (Slovensko)  |2 SNKPHgeo  |9 25478 
655 7 |a miestne pohľadnice  |2 SNKPH  |9 70510 
655 7 |a geografické pohľadnice  |2 SNKPH  |9 70522 
752 |a Slovensko  |d Štubnianske Teplice 
852 |a Slovenská národná knižnica 
958 |a EUIPO 
958 |a GC 
958 |a OND 
958 |a GBN 
999 |c 691021  |d 692951 
952 |a SNK  |b SNK  |y PREZ  |7 0  |p 17A1285754  |o snkSP 75925  |z Pohľadnica prešla poštou.  |0 0  |1 0  |4 0  |d 2019-07-03  |f 1  |l 0  |r 2026-02-23 20:26:44  |w 2026-02-23